[Event "GBR-ch108 Under 12"]
[Site "Torquay"]
[Date "2022.08.11"]
[Round "5"]
[White "Parikh, Naavya"]
[Black "Ward, Cian"]
[Result "1/2-1/2"]
[WhiteElo "1570"]
[BlackElo "1431"]
[PlyCount "105"]
[EventDate "2022.08.08"]
[EventType "swiss"]
[EventRounds "7"]
[EventCountry "GBR"]
[SourceTitle "BritBase"]
[Source "John Saunders"]
[SourceDate "2021.06.05"]
[SourceVersion "1"]
[SourceVersionDate "2021.06.05"]
[SourceQuality "1"]

1. e4 e5 2. Nf3 Nc6 3. Bc4 Bc5 4. d3 Nf6 5. c3 d6 6. O-O a6 7. Bb3 Ba7 8. Bg5
h6 9. Bh4 g5 10. Bg3 Be6 11. Bc2 Nd7 12. d4 Bg4 13. d5 Ne7 14. Bd3 h5 15. h3 h4
16. Bh2 Bh5 17. Be2 Ng6 18. Nfd2 Bxe2 19. Qxe2 Qe7 20. Nc4 O-O-O 21. Nbd2 Nf4
22. Qg4 Kb8 23. Bxf4 gxf4 24. Kh2 Rdg8 25. Qf3 Qg5 26. Rg1 f5 27. Raf1 Nf6 28.
exf5 Qxf5 29. Re1 Re8 30. Ne4 Nxe4 31. Qxe4 Qxe4 32. Rxe4 Bxf2 33. Rf1 Ba7 34.
Nd2 c6 35. dxc6 bxc6 36. Ra4 Kb7 37. Rb4+ Kc7 38. Ra4 Ra8 39. Re4 Rh5 40. Nf3
Re8 41. c4 d5 42. cxd5 cxd5 43. Rc1+ Kb7 44. Rb4+ Bb6 45. a4 Ka7 46. Rc6 Rb8
47. Kh1 e4 48. Ng1 Bxg1 49. Rxb8 Kxb8 50. Kxg1 Kb7 51. Rf6 Re5 52. Rxf4 d4 53.
Kf1 1/2-1/2

[Event "GBR-ch108 Under 12"]
[Site "Torquay"]
[Date "2022.08.11"]
[Round "6"]
[White "Ball, Charlie J"]
[Black "Binu, Nathan"]
[Result "0-1"]
[WhiteElo "1289"]
[BlackElo "1276"]
[PlyCount "68"]
[EventDate "2022.08.08"]
[EventType "swiss"]
[EventRounds "7"]
[EventCountry "GBR"]
[SourceTitle "BritBase"]
[Source "John Saunders"]
[SourceDate "2021.06.05"]
[SourceVersion "1"]
[SourceVersionDate "2021.06.05"]
[SourceQuality "1"]

1. e4 c5 2. d4 cxd4 3. c3 dxc3 4. Nxc3 e5 5. Nf3 Nc6 6. Bc4 h6 7. Be3 Bb4 8.
O-O Bxc3 9. bxc3 Nf6 10. Bd5 O-O 11. Qc2 Qc7 12. Rfd1 Nb4 13. Qb3 Nbxd5 14.
exd5 d6 15. Rac1 Bg4 16. c4 b6 17. h3 Bxf3 18. gxf3 Qd7 19. Kh2 Qf5 20. Bd2 Nh5
21. Qc2 Qxf3 22. Rg1 Qxf2+ 23. Rg2 Qf6 24. Rcg1 Kh8 25. Qe4 Rac8 26. a4 g5 27.
Bxg5 hxg5 28. Rxg5 Nf4 29. R1g4 Qh6 30. h4 Rg8 31. Qf5 Rcf8 32. Rxf4 Rxg5 33.
Qxg5 Qxg5 34. hxg5 exf4 0-1

[Event "GBR-ch108 Under 12"]
[Site "Torquay"]
[Date "2022.08.11"]
[Round "6"]
[White "Dicen, Elis Denele"]
[Black "Catabay, Mae Katelyn Rose"]
[Result "1-0"]
[WhiteElo "1712"]
[BlackElo "1401"]
[PlyCount "59"]
[EventDate "2022.08.08"]
[EventType "swiss"]
[EventRounds "7"]
[EventCountry "GBR"]
[SourceTitle "BritBase"]
[Source "John Saunders"]
[SourceDate "2021.06.05"]
[SourceVersion "1"]
[SourceVersionDate "2021.06.05"]
[SourceQuality "1"]

1. d4 Nf6 2. Bg5 e6 3. e3 Be7 4. Nd2 d5 5. Bd3 O-O 6. c3 b6 7. f4 c5 8. Ngf3 h6
9. Bxf6 Bxf6 10. O-O Nc6 11. Ne5 Bxe5 12. fxe5 f5 13. exf6 Rxf6 14. Qh5 Bd7 15.
Rxf6 Qxf6 16. Rf1 Be8 17. Qg4 Qe7 18. Nf3 Bf7 19. e4 Rf8 20. Re1 Qc7 21. exd5
exd5 22. Qf5 g6 23. Qf6 Nb8 24. Ne5 Be8 25. Qh4 Qg7 26. Ng4 h5 27. Rxe8 Rxe8
28. Nf6+ Kf7 29. Nxe8 Kxe8 30. Qg5 1-0

[Event "GBR-ch108 Under 12"]
[Site "Torquay"]
[Date "2022.08.11"]
[Round "6"]
[White "Grose, Kameron"]
[Black "Lapidus, Alexey M"]
[Result "1-0"]
[WhiteElo "1515"]
[BlackElo "1300"]
[PlyCount "131"]
[EventDate "2022.08.08"]
[EventType "swiss"]
[EventRounds "7"]
[EventCountry "GBR"]
[SourceTitle "BritBase"]
[Source "John Saunders"]
[SourceDate "2021.06.05"]
[SourceVersion "1"]
[SourceVersionDate "2021.06.05"]
[SourceQuality "1"]

1. e4 c5 2. Nf3 e6 3. d4 cxd4 4. Nxd4 a6 5. Bd3 Qc7 6. c4 Nf6 7. O-O Be7 8. Nc3
Nc6 9. Nxc6 bxc6 10. Be3 e5 11. Qe2 d6 12. Rae1 O-O 13. h3 Bb7 14. f4 Nd7 15.
Rd1 Nc5 16. Bxc5 dxc5 17. f5 Rfd8 18. Qg4 Bf6 19. Qf3 a5 20. a4 Ba6 21. b3 Rab8
22. Bc2 Rd4 23. Ne2 Rxd1 24. Rxd1 Rd8 25. Nc1 Rd4 26. Nd3 Qe7 27. Re1 Bg5 28.
Qd1 f6 29. Re2 g6 30. g4 Bc8 31. Qe1 Qa7 32. h4 Bh6 33. Qg3 g5 34. hxg5 Bxg5
35. Qh3 Qe7 36. Qf3 Bd7 37. Rh2 Be8 38. Qe2 h6 39. Qe1 Qa7 40. Kg2 Kg7 41. Kf3
Bf7 42. Qa1 Be8 43. Qa3 Qd7 44. Nxc5 Qd6 45. Ne6+ Kg8 46. Qxd6 Rxd6 47. Nxg5
hxg5 48. c5 Rd4 49. Ke3 Bf7 50. Rd2 Rb4 51. Rd3 Kf8 52. Rc3 Ke7 53. Kd2 Be8 54.
Rh3 Bf7 55. Kc3 Kf8 56. Rh2 Rb7 57. Rd2 Ke7 58. Rd6 Be8 59. Bd3 Bd7 60. Bc4 Rb4
61. Rd3 Rb8 62. Rh3 Be8 63. Rh7+ Kf8 64. Ra7 Bh5 65. gxh5 g4 66. h6 1-0

[Event "GBR-ch108 Under 12"]
[Site "Torquay"]
[Date "2022.08.11"]
[Round "6"]
[White "Patel, Zain"]
[Black "Pereslavtsev, Alexandr"]
[Result "1-0"]
[WhiteElo "1679"]
[BlackElo "1471"]
[PlyCount "87"]
[EventDate "2022.08.08"]
[EventType "swiss"]
[EventRounds "7"]
[EventCountry "GBR"]
[SourceTitle "BritBase"]
[Source "John Saunders"]
[SourceDate "2021.06.05"]
[SourceVersion "1"]
[SourceVersionDate "2021.06.05"]
[SourceQuality "1"]

1. d4 d5 2. c4 e6 3. Nc3 Nf6 4. cxd5 exd5 5. Bg5 Be7 6. e3 O-O 7. Bd3 c6 8. Qc2
h6 9. Bh4 Re8 10. Nge2 Nbd7 11. O-O Ne4 12. Bxe7 Qxe7 13. Bxe4 dxe4 14. Rab1
Nf6 15. Ng3 Bd7 16. b4 Rac8 17. a4 a6 18. a5 Bg4 19. Na4 Nd5 20. Nc5 Nf6 21. h3
Bd7 22. Qa2 Be6 23. Qe2 Bd5 24. Qc2 Red8 25. Ne2 Ne8 26. Nc3 Nd6 27. N3a4 Nc4
28. Rbc1 Na3 29. Qe2 Nb5 30. Nb6 Rc7 31. Qg4 Qg5 32. Qxg5 hxg5 33. f4 f6 34.
fxg5 fxg5 35. Rf5 g4 36. hxg4 Rf7 37. Rxf7 Kxf7 38. Nxb7 Rh8 39. Nc5 Rh4 40.
Nxa6 Rxg4 41. Nxd5 cxd5 42. Nc7 Nxc7 43. Rxc7+ Ke6 44. a6 1-0

[Event "GBR-ch108 Under 12"]
[Site "Torquay"]
[Date "2022.08.11"]
[Round "6"]
[White "Steiners, Emils"]
[Black "Rastogi, Nayan Keats"]
[Result "1-0"]
[WhiteElo "1686"]
[BlackElo "1439"]
[PlyCount "99"]
[EventDate "2022.08.08"]
[EventType "swiss"]
[EventRounds "7"]
[EventCountry "GBR"]
[SourceTitle "BritBase"]
[Source "John Saunders"]
[SourceDate "2021.06.05"]
[SourceVersion "1"]
[SourceVersionDate "2021.06.05"]
[SourceQuality "1"]

1. d4 Nf6 2. c4 g6 3. Nc3 Bg7 4. e4 d6 5. Nf3 O-O 6. h3 e5 7. d5 a5 8. Bg5 h6
9. Be3 Na6 10. Qd2 Kh7 11. g4 Nd7 12. Bd3 Nac5 13. Bc2 Nb6 14. b3 Bd7 15. a4
Na6 16. O-O-O Nb4 17. Bb1 Be8 18. h4 f6 19. Qe2 Nd7 20. Nd2 Nc5 21. Bxc5 dxc5
22. Nf1 Kg8 23. Ne3 Bd7 24. Rdg1 Qe7 25. Qf3 Qf7 26. Qg3 Rad8 27. f3 Ra8 28.
Qf2 b6 29. Qd2 Qe7 30. Rd1 Qd6 31. h5 g5 32. Nb5 Bxb5 33. cxb5 Rfe8 34. Nc4 Qd8
35. d6 cxd6 36. Qxd6 Qxd6 37. Rxd6 Rab8 38. Rhd1 Rec8 39. Nxb6 Re8 40. Nc4 Ra8
41. Rd7 Rf8 42. Rc7 Rac8 43. Rdd7 Rxc7 44. Rxc7 Rd8 45. Rxc5 Nd3+ 46. Bxd3 Rxd3
47. b6 Rxb3 48. Rb5 Rc3+ 49. Kb2 Rxc4 50. b7 1-0

[Event "GBR-ch108 Under 12"]
[Site "Torquay"]
[Date "2022.08.11"]
[Round "6"]
[White "Ward, Cian"]
[Black "Hariharan, Shambavi"]
[Result "0-1"]
[WhiteElo "1431"]
[BlackElo "1529"]
[PlyCount "84"]
[EventDate "2022.08.08"]
[EventType "swiss"]
[EventRounds "7"]
[EventCountry "GBR"]
[SourceTitle "BritBase"]
[Source "John Saunders"]
[SourceDate "2021.06.05"]
[SourceVersion "1"]
[SourceVersionDate "2021.06.05"]
[SourceQuality "1"]

1. e4 c6 2. d4 d5 3. exd5 cxd5 4. Bd3 Nc6 5. c3 Qc7 6. Ne2 Bg4 7. f3 Bh5 8. Bf4
Qb6 9. Qb3 Qxb3 10. axb3 e6 11. Nd2 Nf6 12. O-O Bg6 13. Bxg6 hxg6 14. Ra2 Kd7
15. b4 b5 16. Nb3 Bd6 17. Bxd6 Kxd6 18. Rfa1 Rhb8 19. Nc5 Nd7 20. Nxd7 Kxd7 21.
Nf4 g5 22. Nd3 Kd6 23. Ra6 Kc7 24. Ne5 Nxe5 25. Rxa7+ Rxa7 26. Rxa7+ Kb6 27.
Re7 Nd3 28. Rxf7 Ra8 29. h3 Ra7 30. Rf8 Re7 31. Rb8+ Kc6 32. Kf1 Nxb2 33. Ke2
Nc4 34. Ra8 e5 35. dxe5 Rxe5+ 36. Kf2 Nb2 37. Ra1 Na4 38. Rc1 Kd6 39. g3 Ke6
40. f4 gxf4 41. gxf4 Rf5 42. Kf3 g5 0-1

[Event "GBR-ch108 Under 12"]
[Site "Torquay"]
[Date "2022.08.12"]
[Round "7"]
[White "Ashton, Alannah"]
[Black "Kong, Emma"]
[Result "1-0"]
[WhiteElo "1212"]
[BlackElo "1290"]
[PlyCount "49"]
[EventDate "2022.08.08"]
[EventType "swiss"]
[EventRounds "7"]
[EventCountry "GBR"]
[SourceTitle "BritBase"]
[Source "John Saunders"]
[SourceDate "2021.06.05"]
[SourceVersion "1"]
[SourceVersionDate "2021.06.05"]
[SourceQuality "1"]

1. e4 c5 2. Nf3 d6 3. d4 cxd4 4. Nxd4 Nf6 5. Nc3 a6 6. Bc4 e6 7. Bb3 Be7 8. g4
Nfd7 9. Bxe6 Ne5 10. Bxc8 Qxc8 11. Nf5 Bf8 12. f4 g6 13. Ne3 Nec6 14. Nc4 Qd8
15. Be3 Nd7 16. g5 Nc5 17. Bxc5 dxc5 18. Qxd8+ Rxd8 19. Nd5 Be7 20. O-O-O O-O
21. Ne5 Rfe8 22. Nxc6 bxc6 23. Nxe7+ Kf8 24. Rxd8 Rxd8 25. Nxc6 1-0

[Event "GBR-ch108 Under 12"]
[Site "Torquay"]
[Date "2022.08.12"]
[Round "7"]
[White "Binu, Nathan"]
[Black "Parikh, Naavya"]
[Result "0-1"]
[WhiteElo "1276"]
[BlackElo "1570"]
[PlyCount "82"]
[EventDate "2022.08.08"]
[EventType "swiss"]
[EventRounds "7"]
[EventCountry "GBR"]
[SourceTitle "BritBase"]
[Source "John Saunders"]
[SourceDate "2021.06.05"]
[SourceVersion "1"]
[SourceVersionDate "2021.06.05"]
[SourceQuality "1"]

1. e4 e5 2. Nf3 Nc6 3. Bc4 Bc5 4. c3 d6 5. d4 exd4 6. cxd4 Bb4+ 7. Bd2 Bxd2+ 8.
Qxd2 Nge7 9. O-O O-O 10. Nc3 Kh8 11. Rfe1 f6 12. h3 Qe8 13. Bd3 Qh5 14. Kh2
Bxh3 15. gxh3 Qxf3 16. Qe3 Qxe3 17. fxe3 a6 18. a3 Rae8 19. Rg1 f5 20. Rg2 f4
21. exf4 Rxf4 22. Ne2 Rf3 23. Bc2 Ref8 24. d5 Ne5 25. Nd4 Rf2 26. Rag1 Nf3+ 27.
Nxf3 R8xf3 28. Rxf2 Rxf2+ 29. Rg2 Rxg2+ 30. Kxg2 Ng6 31. Kg3 Kg8 32. Bd1 Kf7
33. Bh5 Kf6 34. Bxg6 Kxg6 35. Kg4 Kf6 36. Kf4 h6 37. h4 g5+ 38. hxg5+ hxg5+ 39.
Kg4 Ke5 40. Kxg5 Kxe4 41. Kg4 Kxd5 0-1

[Event "GBR-ch108 Under 12"]
[Site "Torquay"]
[Date "2022.08.12"]
[Round "7"]
[White "Catabay, Mae Katelyn Rose"]
[Black "Yu, Rock"]
[Result "1-0"]
[WhiteElo "1401"]
[BlackElo "1409"]
[PlyCount "73"]
[EventDate "2022.08.08"]
[EventType "swiss"]
[EventRounds "7"]
[EventCountry "GBR"]
[SourceTitle "BritBase"]
[Source "John Saunders"]
[SourceDate "2021.06.05"]
[SourceVersion "1"]
[SourceVersionDate "2021.06.05"]
[SourceQuality "1"]

1. d4 d6 2. c4 e5 3. e3 f5 4. dxe5 dxe5 5. Qxd8+ Kxd8 6. Nc3 c6 7. Bd2 Be7 8.
e4 Nf6 9. Nge2 Na6 10. O-O-O Kc7 11. exf5 Bxf5 12. Ng3 Bg6 13. f4 Bd6 14. f5
Bf7 15. Nce4 Be7 16. Bc3 Nd7 17. Be2 Rad8 18. Rhf1 Bf6 19. Nxf6 gxf6 20. Ne4
Nac5 21. Nxf6 Kc8 22. Nxd7 Nxd7 23. b3 Rdg8 24. Rxd7 Kxd7 25. Bxe5 Re8 26. Rd1+
Kc8 27. Bxh8 Rxe2 28. Rd2 Re1+ 29. Kb2 h5 30. a3 h4 31. Bf6 h3 32. g4 Rg1 33.
g5 Rf1 34. g6 Rxf5 35. Rd8+ Kc7 36. gxf7 Rxf6 37. f8=Q 1-0

[Event "GBR-ch108 Under 12"]
[Site "Torquay"]
[Date "2022.08.12"]
[Round "7"]
[White "Dicen, Elis Denele"]
[Black "Grose, Kameron"]
[Result "1/2-1/2"]
[WhiteElo "1712"]
[BlackElo "1515"]
[PlyCount "128"]
[EventDate "2022.08.08"]
[EventType "swiss"]
[EventRounds "7"]
[EventCountry "GBR"]
[SourceTitle "BritBase"]
[Source "John Saunders"]
[SourceDate "2021.06.05"]
[SourceVersion "1"]
[SourceVersionDate "2021.06.05"]
[SourceQuality "1"]

1. d4 d5 2. Bg5 Nf6 3. e3 Ne4 4. Bf4 c5 5. f3 Nf6 6. Nc3 e6 7. Nb5 Qa5+ 8. c3
Na6 9. Bd6 Bxd6 10. Nxd6+ Ke7 11. Nxc8+ Raxc8 12. Bd3 Rhd8 13. Ne2 Qb6 14. Rb1
Kf8 15. O-O cxd4 16. exd4 Nb8 17. f4 Nc6 18. Kh1 Ne7 19. Ng3 g6 20. Qf3 Nf5 21.
Ne2 h5 22. h3 Nd6 23. g4 hxg4 24. hxg4 Nde4 25. f5 Nd2 26. Qf4 Nxf1 27. Rxf1
exf5 28. gxf5 Kg7 29. fxg6 Qd6 30. Qxd6 Rxd6 31. gxf7 Kxf7 32. Ng3 Rh8+ 33. Kg2
Rg8 34. Rf3 Ke7 35. Kf1 Re6 36. Nf5+ Kd7 37. Nh6 Rh8 38. Nf7 Rf8 39. Ne5+ Kc7
40. Rf2 Rb6 41. Ke1 Re8 42. Kd1 Re7 43. Kc2 Nd7 44. Ng6 Rg7 45. Nf4 Rd6 46. Re2
Rf7 47. Ne6+ Kb6 48. Ng5 Rg7 49. Nf3 Rg3 50. Ne5 a6 51. c4 Kc7 52. c5 Rf6 53.
b4 Rg5 54. Nxd7 Kxd7 55. a4 Rg4 56. Kc3 Rg3 57. b5 Rff3 58. Rd2 axb5 59. axb5
Kc7 60. Kc2 Rf4 61. Kc3 Rff3 62. Rd1 Rh3 63. b6+ Kc6 64. Rd2 Rhg3 1/2-1/2

[Event "GBR-ch108 Under 12"]
[Site "Torquay"]
[Date "2022.08.12"]
[Round "7"]
[White "Hariharan, Shambavi"]
[Black "Kumar, Sanjit S"]
[Result "0-1"]
[WhiteElo "1529"]
[BlackElo "1711"]
[PlyCount "120"]
[EventDate "2022.08.08"]
[EventType "swiss"]
[EventRounds "7"]
[EventCountry "GBR"]
[SourceTitle "BritBase"]
[Source "John Saunders"]
[SourceDate "2021.06.05"]
[SourceVersion "1"]
[SourceVersionDate "2021.06.05"]
[SourceQuality "1"]

1. d4 d5 2. Bf4 Nf6 3. e3 c5 4. c3 Nc6 5. Nd2 Qb6 6. Qc2 g6 7. dxc5 Qxc5 8.
Ngf3 Bf5 9. Qb3 Na5 10. Qb5+ Qxb5 11. Bxb5+ Bd7 12. Bxd7+ Nxd7 13. O-O Bg7 14.
Rfd1 Nc6 15. Rac1 O-O 16. Bg3 Nc5 17. Nb3 Nxb3 18. axb3 e6 19. b4 a6 20. Nd2
Rac8 21. Nb3 Be5 22. Bxe5 Nxe5 23. Nc5 Rc7 24. h3 a5 25. Ra1 b6 26. Na4 axb4
27. cxb4 Rc4 28. Rd4 Ra8 29. Ra3 Rxd4 30. exd4 Nc4 31. Ra2 Nxb2 32. Rxb2 Rxa4
33. f3 Ra3 34. b5 Rd3 35. Rb4 Rd2 36. Kf1 h5 37. g3 g5 38. Ke1 Rh2 39. Kf1 Kf8
40. Rb3 Ke7 41. Rc3 Rb2 42. f4 gxf4 43. gxf4 Rxb5 44. Kf2 Kf6 45. Kg3 Kf5 46.
Kf3 Rb4 47. Ke3 Rb1 48. Kf3 Rf1+ 49. Kg3 Rxf4 50. Rb3 Rxd4 51. Rxb6 h4+ 52. Kg2
Rd2+ 53. Kg1 f6 54. Rb8 e5 55. Rg8 Rd3 56. Kh2 Rd4 57. Rh8 Rf4 58. Ra8 d4 59.
Ra3 Ke4 60. Ra4 Ke3 0-1

[Event "GBR-ch108 Under 12"]
[Site "Torquay"]
[Date "2022.08.12"]
[Round "7"]
[White "Kumar, Soham"]
[Black "Patel, Zain"]
[Result "1/2-1/2"]
[WhiteElo "1831"]
[BlackElo "1679"]
[PlyCount "60"]
[EventDate "2022.08.08"]
[EventType "swiss"]
[EventRounds "7"]
[EventCountry "GBR"]
[SourceTitle "BritBase"]
[Source "John Saunders"]
[SourceDate "2021.06.05"]
[SourceVersion "1"]
[SourceVersionDate "2021.06.05"]
[SourceQuality "1"]

1. e4 c6 2. d4 d5 3. e5 c5 4. dxc5 e6 5. Nf3 Bxc5 6. Bb5+ Bd7 7. Bxd7+ Nxd7 8.
O-O Ne7 9. c3 O-O 10. b4 Bb6 11. Bg5 Bc7 12. Re1 h6 13. Bxe7 Qxe7 14. Nbd2 a5
15. a3 a4 16. c4 dxc4 17. Nxc4 Nb6 18. Nxb6 Bxb6 19. Qe2 Rfd8 20. Qb5 Ba7 21.
Red1 Qc7 22. Rxd8+ Rxd8 23. Qxa4 Qc3 24. Rf1 Bb8 25. Qb5 Qxa3 26. Qxb7 Ba7 27.
h3 Rb8 28. Qd7 Qa6 29. b5 Qb6 30. Kh2 Qb7 1/2-1/2

[Event "GBR-ch108 Under 12"]
[Site "Torquay"]
[Date "2022.08.12"]
[Round "7"]
[White "Lapidus, Alexey M"]
[Black "Steiners, Emils"]
[Result "1-0"]
[WhiteElo "1300"]
[BlackElo "1686"]
[PlyCount "83"]
[EventDate "2022.08.08"]
[EventType "swiss"]
[EventRounds "7"]
[EventCountry "GBR"]
[SourceTitle "BritBase"]
[Source "John Saunders"]
[SourceDate "2021.06.05"]
[SourceVersion "1"]
[SourceVersionDate "2021.06.05"]
[SourceQuality "1"]

1. d4 d5 2. Bf4 Nf6 3. e3 c5 4. Nc3 a6 5. dxc5 Nc6 6. a3 e5 7. Bg5 Be6 8. b4 h6
9. Bxf6 gxf6 10. Nf3 Qd7 11. Na4 Rd8 12. Nb6 Qc7 13. Qc1 h5 14. Be2 Bh6 15. Qb2
d4 16. O-O-O dxe3 17. Rxd8+ Qxd8 18. fxe3 Bxe3+ 19. Kb1 Qc7 20. Rd1 O-O 21. Nd5
Bxd5 22. Rxd5 Rd8 23. Qb3 Rxd5 24. Qxd5 a5 25. c3 axb4 26. axb4 Qc8 27. Bc4
Qf5+ 28. Kb2 Qh7 29. b5 Na7 30. Qxb7 Bxc5 31. b6 Bxb6 32. Qxb6 Qe4 33. Nd2 Qxg2
34. Kc2 Nc6 35. Qc7 Qg6+ 36. Kb2 Na5 37. Qxa5 Qg2 38. Kc2 e4 39. Qd5 Qg6 40.
Qxf7+ Qxf7 41. Bxf7+ Kxf7 42. Nxe4 1-0

[Event "GBR-ch108 Under 12"]
[Site "Torquay"]
[Date "2022.08.12"]
[Round "7"]
[White "Rastogi, Nayan Keats"]
[Black "Han, Qixuan"]
[Result "1/2-1/2"]
[WhiteElo "1439"]
[BlackElo "1489"]
[PlyCount "76"]
[EventDate "2022.08.08"]
[EventType "swiss"]
[EventRounds "7"]
[EventCountry "GBR"]
[SourceTitle "BritBase"]
[Source "John Saunders"]
[SourceDate "2021.06.05"]
[SourceVersion "1"]
[SourceVersionDate "2021.06.05"]
[SourceQuality "1"]

1. e4 e6 2. d4 d5 3. e5 c5 4. c3 Nc6 5. Nf3 Qb6 6. a3 c4 7. Nbd2 Na5 8. Be2 Bd7
9. O-O O-O-O 10. Rb1 Be7 11. Qe1 Ba4 12. Bd1 Qb5 13. Bxa4 Qxa4 14. Qd1 Qxd1 15.
Rxd1 Rd7 16. Ne1 Bd8 17. Nc2 Ne7 18. Ne3 b6 19. Rf1 Rf8 20. f4 Kc7 21. f5 Nxf5
22. Nxf5 exf5 23. Rxf5 Re8 24. Rf1 f6 25. Nf3 Kb7 26. Rf2 b5 27. h3 fxe5 28.
Nxe5 Rde7 29. Kh1 Bb6 30. Rf5 Bc7 31. Bg5 Re6 32. Rf7 h6 33. Bh4 g5 34. Bg3
R8e7 35. Rbf1 Bb6 36. R1f2 Rxe5 37. Kg1 Bc7 38. dxe5 Bb6 1/2-1/2

[Event "GBR-ch108 Under 12"]
[Site "Torquay"]
[Date "2022.08.12"]
[Round "7"]
[White "Singh, Hari"]
[Black "Ward, Cian"]
[Result "1/2-1/2"]
[WhiteElo "1129"]
[BlackElo "1431"]
[PlyCount "68"]
[EventDate "2022.08.08"]
[EventType "swiss"]
[EventRounds "7"]
[EventCountry "GBR"]
[SourceTitle "BritBase"]
[Source "John Saunders"]
[SourceDate "2021.06.05"]
[SourceVersion "1"]
[SourceVersionDate "2021.06.05"]
[SourceQuality "1"]

1. d4 d5 2. Nf3 Nf6 3. e3 c5 4. c4 e6 5. Nc3 Nc6 6. cxd5 exd5 7. Be2 Be7 8. Ne5
O-O 9. O-O cxd4 10. exd4 Qb6 11. Nxc6 Qxc6 12. Be3 Be6 13. Re1 Bb4 14. Qd3 Ne4
15. Bd2 Nxd2 16. Qxd2 Rac8 17. Rac1 Rc7 18. a3 Bxc3 19. Rxc3 Qd7 20. Rec1 Rfc8
21. Rxc7 Rxc7 22. Rxc7 Qxc7 23. Qc3 Qxc3 24. bxc3 Kf8 25. f4 Ke7 26. Kf2 Kd6
27. Ke3 Kc6 28. Kd2 f6 29. g3 a6 30. Kc2 Bf5+ 31. Kb2 g5 32. fxg5 fxg5 33. Bf3
Kd6 34. c4 Kc6 1/2-1/2